LEADER 02141nam 2200397Ia 450 001 996395206003316 005 20210104171232.0 035 $a(CKB)3810000000015503 035 $a(EEBO)2240895803 035 $a(OCoLC)ocn297421168e 035 $a(OCoLC)297421168 035 $a(EXLCZ)993810000000015503 100 $a20090108d1675 uy 0 101 0 $aeng 135 $aurbn||||a|bb| 200 12$aA call to sinners to sin no more, with divine relishes of free-grace to saints$b[electronic resource] /$fBy William Weyland the younger husbandman, in Wraysbery in the county of Bucks near Stains, who being dead, yet speaketh, this said William the Lord was pleased to visit with a disease called the small-pox on the 24. of December, 1674 continuing about 15 days and then dyed; in which time the riches of Gods grace to a miracle so convinced him of his former lewd life, that his faith and repentance were as commendable on his dying bed, as before his cursing, swearing, drunkenness, disobedience to parents, prophaning the Lords Day, &c. had been notoriously abominable in the days of his health. Published as a warning word to old and young 210 $aLondon $cPrinted for Francis Smith at th: [sic] Elephant and Castle, near the Royal Exchange in Cornhil$d1675 215 $a1 sheet ([1] p.) 300 $aCaption title. 300 $aAttributed to William Weyland. Cf. Wing (2nd ed.). 300 $aSigned at end: "Christian Adderly, William Weyland the elder ..." 300 $aReproduction of original in: Harvard University. Library. 330 $aeebo-0062 606 $aChristian life$zEngland$vEarly works to 1800 606 $aSin$xChristianity$vEarly works to 1800 608 $aBroadsides$zEngland$y17th century.$2rbgenr 615 0$aChristian life 615 0$aSin$xChristianity 700 $aWeyland$b William$fd. 1675.$01019401 701 $aAdderly$b Christian$ffl. 1675.$01019402 801 0$bUMI 801 1$bUMI 906 $aBOOK 912 $a996395206003316 996 $aA call to sinners to sin no more, with divine relishes of free-grace to saints$92403045 997 $aUNISA LEADER 03613nam 22007575 450 001 9910255231803321 005 20240801040711.0 010 $a9781137542625 010 $a1137542624 024 7 $a10.1057/9781137542625 035 $a(CKB)3710000000653612 035 $a(SSID)ssj0001668946 035 $a(PQKBManifestationID)16461450 035 $a(PQKBTitleCode)TC0001668946 035 $a(PQKBWorkID)12985131 035 $a(PQKB)10028070 035 $a(DE-He213)978-1-137-54262-5 035 $a(MiAaPQ)EBC4716381 035 $a(Perlego)3498401 035 $a(EXLCZ)993710000000653612 100 $a20160111d2016 u| 0 101 0 $aeng 135 $aurnn|008mamaa 181 $ctxt 182 $cc 183 $acr 200 10$aEcocriticism and Geocriticism $eOverlapping Territories in Environmental and Spatial Literary Studies /$fedited by Robert T. Tally Jr., Christine M. Battista 205 $a1st ed. 2016. 210 1$aNew York :$cPalgrave Macmillan US :$cImprint: Palgrave Macmillan,$d2016. 215 $a1 online resource (XII, 214 p.) 225 1 $aGeocriticism and Spatial Literary Studies,$x2634-5188 300 $aIncludes index. 311 08$a9781137553676 311 08$a1137553677 311 08$a9781349559145 311 08$a1349559148 330 $aThe contributors to Ecocriticism and Geocriticism survey the overlapping territories of these critical practices, demonstrating through their diversity of interests, as well as their range of topics, texts, periods, genres, methods, and perspectives, just how rich and varied ecocritical and geocritical approaches can be. As diffuse 'schools' of criticism, ecocriticism and geocriticism represent two relatively recent discourses through which literary and cultural studies have placed renewed emphasis on the lived environment, social and natural spaces, spatiotemporality, ecology, history, and geography. These loosely defined practices have also fostered politically engaged inquiries into the ways that humans not only represent, but also organize the spaces and places in which they, their fellow humans, and many other forms of life must dwell. These essays exemplify the ways in which critics may bring environmental and spatial literary studies to bear on each other, enabling readers to looks at both literature and their surroundings differently. 410 0$aGeocriticism and Spatial Literary Studies,$x2634-5188 606 $aLiterature, Modern$y20th century 606 $aEuropean literature 606 $aAmerica$xLiteratures 606 $aLiterature$xPhilosophy 606 $aLiterature$xHistory and criticism 606 $aTwentieth-Century Literature 606 $aEuropean Literature 606 $aNorth American Literature 606 $aLiterary Theory 606 $aLiterary History 615 0$aLiterature, Modern 615 0$aEuropean literature. 615 0$aAmerica$xLiteratures. 615 0$aLiterature$xPhilosophy. 615 0$aLiterature$xHistory and criticism. 615 14$aTwentieth-Century Literature. 615 24$aEuropean Literature. 615 24$aNorth American Literature. 615 24$aLiterary Theory. 615 24$aLiterary History. 676 $a809/.9332 686 $aLIT000000$aLIT004020$aLIT004130$aLIT006000$2bisacsh 702 $aTally$b Robert T$4edt$4http://id.loc.gov/vocabulary/relators/edt 702 $aBattista$b Christine M$4edt$4http://id.loc.gov/vocabulary/relators/edt 906 $aBOOK 912 $a9910255231803321 996 $aEcocriticism and Geocriticism$92515575 997 $aUNINA